000 00443ntaaa2200181 4500
003 01
005 20251027202147.0
008 0714s1973 ag 01
040 _aAR-BaBN
_bspa
_cAR-BaBN
_eaacr
_dRIC
082 _a264.1000 Sc7
100 _aScroggie, W. Graham
_95501
245 _aPaul's prison prayers
250 _a1 ed.
260 _aLondon :
_bMarshall Brothers Ltd,
_c192-?
300 _a124 p
650 _aoración
_91331
942 _cBK
999 _c16563
_d16563